Psychology to teachers

Gespeichert in:
Bibliographische Detailangaben
1. Verfasser: BUCKLER, Scott
Format: Buch
Sprache:Englisch
Veröffentlicht: Sage Publications, 2014.
Tags: Tag hinzufügen
Keine Tags, Fügen Sie den ersten Tag hinzu!

MARC

LEADER 00000nam a22000007a 4500
008 210903b ||||| |||| 00| 0 eng d
020 |a 978-1-4462-1115-1 
100 |a BUCKLER, Scott. 
245 |a Psychology to teachers  |c Scott Buckler and Paul Castle  |g xxiv, 363p.:ill. 
260 |b Sage Publications,   |c 2014.   |h Los Angeles:   |i 692150   |i 692151  |l LB1051 .B85  |m Educational psychology.   |m Elementary school teachers – Psychology.  |m Personal construction theory. 
500 |a “It includes references and index” 
942 |a lcc  |c BK  |e Adeniran, F. A.  |f 3/9/2021 
952 |0 0  |1 0  |2 lcc  |4 0  |6 LB1051 B85  |7 0  |9 3377  |a HOL  |b ED  |c LP  |d 2021-09-03  |l 0  |o LB1051 .B85  |p 2021-67085  |r 2021-09-03 00:00:00  |w 2021-09-03  |y BK 
952 |0 0  |1 0  |2 lcc  |4 0  |6 LB1051 B85  |7 0  |9 3378  |a HOL  |b HOL  |c LP  |d 2021-09-03  |l 0  |o LB1051 .B85  |p 2021-67086  |r 2021-09-03 00:00:00  |w 2021-09-03  |y BK 
999 |c 1682  |d 1682